|
|
|
|
| LEADER |
00000cas a2200000 i 4500 |
| 001 |
vtls008884094 |
| 003 |
SK-MaSNL |
| 005 |
20260228162232.0 |
| 008 |
021130c18669999xr mr p|r 0 0 b0czeoc |
| 035 |
|
|
|a (SVKBB03)vtls000144725
|
| 040 |
|
|
|a SVKBB
|b slo
|c SVKBB
|d SNK
|e AACR2
|
| 041 |
0 |
|
|a cze
|
| 044 |
|
|
|a xr
|c SK
|
| 072 |
|
7 |
|a 638
|x Včelárstvo
|2 konspekt
|
| 080 |
|
|
|a 638.1
|2 2011
|
| 080 |
|
|
|a 379.82(051)
|2 2011
|
| 080 |
|
|
|a 050
|2 2011
|
| 245 |
0 |
0 |
|a Český včelař
|b časopis věnovaný zájmům a pokroku českého včelařství
|
| 260 |
|
|
|a Praha
|b Zemský ústřední spolek včelařský
|c 1866-
|
| 300 |
|
|
|a zv.
|c 35 cm
|
| 310 |
|
|
|a 1x mesačne
|
| 362 |
0 |
|
|a 1866-
|
| 650 |
0 |
7 |
|a včelárstvo
|2 SNKPH
|9 3997
|
| 655 |
|
7 |
|a záujmové časopisy
|2 SNKPH
|9 70804
|
| 910 |
|
|
|a snk
|
| 999 |
|
|
|c 7231
|d 9161
|
| 952 |
|
|
|0 0
|1 1
|4 0
|7 0
|a SNK
|b SNK
|d 2005-05-23
|i snk131/32
|l 0
|o snkČB 26/42/1908
|p 17A0469601
|r 2026-02-21 20:15:49
|w 2026-02-21
|y PREZ
|